ARRUPE JESUIT UNIVERSITY

CORONAVIRUS -STOP THE SPREAD - CLEAN,DISINFECT,COVER

U.S. multinationals in southern Africa / (Record no. 125533)

MARC details
000 -LEADER
fixed length control field 01072nam a2200301 a 4500
001 - CONTROL NUMBER
control field 2262789
003 - CONTROL NUMBER IDENTIFIER
control field ARRUPE
005 - DATE AND TIME OF LATEST TRANSACTION
control field 20161017154214.0
008 - FIXED-LENGTH DATA ELEMENTS--GENERAL INFORMATION
fixed length control field 810519s1977 tz a b 001 0 eng
010 ## - LIBRARY OF CONGRESS CONTROL NUMBER
LC control number 77981091
040 ## - CATALOGING SOURCE
Original cataloging agency DLC
Transcribing agency DLC
Modifying agency DLC
043 ## - GEOGRAPHIC AREA CODE
Geographic area code f-sa---
-- fs-----
-- n-us---
050 00 - LIBRARY OF CONGRESS CALL NUMBER
Classification number HD2922
Item number .S44 1977
082 00 - DEWEY DECIMAL CLASSIFICATION NUMBER
Classification number 338.8/8973/068
Edition number 19
300 ## - PHYSICAL DESCRIPTION
Other physical details ill. ;
Dimensions 22 cm.
100 1# - MAIN ENTRY--PERSONAL NAME
Personal name Seidman, Ann Willcox,
Dates associated with a name 1926-
9 (RLIN) 23733
245 10 - TITLE STATEMENT
Title U.S. multinationals in southern Africa /
Statement of responsibility, etc by Ann and Neva Seidman.
260 ## - PUBLICATION, DISTRIBUTION, ETC. (IMPRINT)
Place of publication, distribution, etc Dar es Salaam :
Name of publisher, distributor, etc Tanzania Pub. House,
Date of publication, distribution, etc 1977.
300 ## - PHYSICAL DESCRIPTION
Extent xii, 252 p.;
504 ## - BIBLIOGRAPHY, ETC. NOTE
Bibliography, etc Includes bibliographies and index.
650 #0 - SUBJECT ADDED ENTRY--TOPICAL TERM
Topical term or geographic name as entry element Corporations, American
Geographic subdivision South Africa.
9 (RLIN) 25853
650 #0 - SUBJECT ADDED ENTRY--TOPICAL TERM
Topical term or geographic name as entry element Investments, American
Geographic subdivision South Africa.
9 (RLIN) 25852
650 #0 - SUBJECT ADDED ENTRY--TOPICAL TERM
Topical term or geographic name as entry element Corporations, American
Geographic subdivision Africa, Southern.
9 (RLIN) 26823
650 #0 - SUBJECT ADDED ENTRY--TOPICAL TERM
Topical term or geographic name as entry element Investments, American
Geographic subdivision Africa, Southern.
9 (RLIN) 26824
700 1# - ADDED ENTRY--PERSONAL NAME
Personal name Makgetla, Neva.
9 (RLIN) 25851
740 0# - ADDED ENTRY--UNCONTROLLED RELATED/ANALYTICAL TITLE
Uncontrolled related/analytical title US multinationals in southern Africa.
906 ## - LOCAL DATA ELEMENT F, LDF (RLIN)
a 7
b cbc
c orignew
d 3
e ncip
f 19
g y-gencatlg
942 ## - ADDED ENTRY ELEMENTS (KOHA)
Source of classification or shelving scheme Library of Congress Classification
Koha item type Monograph ( Printed materials)
Holdings
Withdrawn status Lost status Source of classification or shelving scheme Damaged status Not for loan Collection code Home library Current library Shelving location Date acquired Total Checkouts Full call number Barcode Date last seen Price effective from Koha item type
    Library of Congress Classification     Main Collection ARRUPE LIBRARY ARRUPE LIBRARY Main Collection 17/10/2016   HD2922.S44 1977 46500010790 08/05/2018 17/10/2016 Monograph ( Printed materials)

 

Arrupe Library. PO Box MP320 Mt Pleasant, Harare, Zimbabwe
263 242 745411|librarian@aju.ac.zw